LEADER 03749nam 22006374a 450 001 9910143742603321 005 20170810183550.0 010 $a1-280-23859-3 010 $a9786610238590 010 $a0-470-02052-0 010 $a0-470-02051-2 035 $a(CKB)1000000000356165 035 $a(EBL)239005 035 $a(OCoLC)299571227 035 $a(SSID)ssj0000114281 035 $a(PQKBManifestationID)11143086 035 $a(PQKBTitleCode)TC0000114281 035 $a(PQKBWorkID)10102281 035 $a(PQKB)11686337 035 $a(MiAaPQ)EBC239005 035 $a(PPN)137624662 035 $a(EXLCZ)991000000000356165 100 $a20030925d2004 uy 0 101 0 $aeng 135 $aur|n|---||||| 181 $ctxt 182 $cc 183 $acr 200 00$aBrain energetics and neuronal activity$b[electronic resource] $eapplications to fMRI and medicine /$feditors, R.G. Shulman and D.L. Rothman 210 $aChichester, West Sussex, England ;$aHoboken, N.J. $cJ. Wiley$dc2004 215 $a1 online resource (335 p.) 300 $aDescription based upon print version of record. 311 $a0-470-84720-4 320 $aIncludes bibliographical references and index. 327 $aBrain Energetics and Neuronal Activity; Contents; Contributors; Foreword; Section A: Background; 1 Introduction; 2 Energy Metabolism in Neural Tissues in vivo at Rest and in Functionally Altered States; 3 Techniques-MRS, fMRI, (13)C NMR, Indirect Detection of (13)C; 4 Metabolic Modeling Analysis of Brain Metabolism; Section B: Neuroenergetics and Activity; 5 Cerebral Energetics and Neurotransmitter Fluxes; 6 NMR Studies of the Metabolism and Energetics of GABA Neurotransmitter Pathways; 7 Neural Energy Consumption and the Representation of Mental Events 327 $a8 Imaging Cerebral Metabolic Rate of Oxygen Consumption (CMRO(2)) using (17)O NMR Approach at Ultrahigh Field9 Deriving Changes in CMR(O2) from Calibrated fMRI; 10 Relationship between CMR(O2) and Neuronal Activity; Section C: Clinical Beginnings; 11 NMR Studies of Bioenergetic Impairment in Human Epilepsy; 12 MRS Studies of the Role of Altered Glutamate and GABA Neurotransmitter Metabolism in the Pathophysiology of Epilepsy; 13 The Role of Altered Energetics of Neurotransmitter Systems in Psychiatric Disease; Section D: Brain and Mind 327 $a14 Long-term Memory: Do Incremental Signals Reflect Engagement of Cognitive Processes?15 Using fMRI to Study the Mind and Brain; 16 Brain and Mind: an NMR Perspective; 17 The Role of the NMR Baseline Signal in the Study of Consciousness: the Restless Brain; Index 330 $aThis book is unique in linking in vivo 13C NMR measurements of neuronal activity and energetics with applications to functional imaging and certain disease states It provides a fundamental neurochemical explanation of brain activity applicable to functional imaging, theories of neuronal activity and disease states, e.g. epilepsy, psychiatric diseases and developmental disorders.Novel and potentially controversialWill inspire future research directions 606 $aBrain$xMetabolism 606 $aEnergy metabolism 606 $aBrain$xPathophysiology 606 $aBrain$xMagnetic resonance imaging 615 0$aBrain$xMetabolism. 615 0$aEnergy metabolism. 615 0$aBrain$xPathophysiology. 615 0$aBrain$xMagnetic resonance imaging. 676 $a612.82 701 $aShulman$b R. G$g(Robert Gerson)$0911769 701 $aRothman$b D. L$g(Douglas L.)$0911770 801 0$bMiAaPQ 801 1$bMiAaPQ 801 2$bMiAaPQ 906 $aBOOK 912 $a9910143742603321 996 $aBrain energetics and neuronal activity$92290326 997 $aUNINA LEADER 03724nam 2200709Ia 450 001 9910961141903321 005 20251117060317.0 010 $a1-317-17113-6 010 $a1-315-57040-8 010 $a1-317-17112-8 010 $a1-282-24339-X 010 $a9786612243394 010 $a0-7546-9382-1 035 $a(CKB)1000000000754888 035 $a(EBL)438875 035 $a(OCoLC)519890734 035 $a(SSID)ssj0000290535 035 $a(PQKBManifestationID)11214656 035 $a(PQKBTitleCode)TC0000290535 035 $a(PQKBWorkID)10410051 035 $a(PQKB)11069789 035 $a(Au-PeEL)EBL438875 035 $a(CaPaEBR)ebr10303025 035 $a(CaONFJC)MIL224339 035 $a(Au-PeEL)EBL5122029 035 $a(CaONFJC)MIL924961 035 $a(OCoLC)1027146813 035 $a(MiAaPQ)EBC438875 035 $a(MiAaPQ)EBC5122029 035 $a(FINmELB)ELB158678 035 $a(EXLCZ)991000000000754888 100 $a20081021d2009 uy 0 101 0 $aeng 135 $aurcn||||||||| 181 $ctxt 182 $cc 183 $acr 200 10$aB-sides, undercurrents and overtones $eperipheries to popular in music, 1960 to the present /$fGeorge Plasketes 205 $a1st ed. 210 $aFarnham, England ;$aBurlington, VT $cAshgate$dc2009 215 $a1 online resource (222 p.) 225 1 $aAshgate popular and folk music series 300 $aDescription based upon print version of record. 311 08$a0-7546-6561-5 320 $aIncludes bibliographical references (p. [195]-201) and index. 327 $aCover; Contents; General Editor's Preface; Preface: My Back Pages; Acknowledgements; Introduction: The Flip Side: Let It B; 1 Get Your 45's On: Terry Melcher, Lost in the Surf and Sun of the 1960's Sound Waves; 2 How the Midwest Was Won: The Chicago Suburbs Seven, a Mid-1960's Regional Rotation; 3 Covering Outside the Lines: Hans Fenger and the Langley Schools Music Project; 4 Geffen Records v. Neil Young: The Battle of the Brands; 5 Music and Movie Mutuality: Ry Cooder, the Involved Bystander; 6 World Music Missionaries: Cross Cultural Convergences 327 $a7 The Vital Visual Voice of the Videotape Editor: Seamlessly Sculpting Graceland: The African Concert 8 Rock Around the Cop: Bochco's Broadway Blue Print as Television Musical Muse and Martyr; 9 Must Sing TV: Pop Rock Sitcom Cameo Obscuras; 10 Umbilical Musical Chords: Lineage, Legacy and Mom and Pop Pedigree; 11 Die Another Day: Warren Zevon's Desperado "Deteriorata"; Bibliography; Index 330 $aThere are undercurrents and peripheral taste preferences that are a defining part of our individual and collective cultural experience. Music is no exception. Professor George Plasketes adapts the iconic 'A-side/B-side' dichotomy from the 45 r.p.m. for use as a unique conceptual, critical, historical, and cultural framework for exploring and threading together a variety of popular music and media texts. The profiles and perspectives focus on the peripheries; on texts which might be considered 'B-sides' - overlooked, underappreciated, and unsung cases, creators, patterns and productions that... 410 0$aAshgate popular and folk music series. 606 $aPopular music$zUnited States$xHistory and criticism 606 $aMusic$zUnited States$xHistory and criticism 615 0$aPopular music$xHistory and criticism. 615 0$aMusic$xHistory and criticism. 676 $a781.640973/09045 700 $aPlasketes$b George$01666649 801 0$bMiAaPQ 801 1$bMiAaPQ 801 2$bMiAaPQ 906 $aBOOK 912 $a9910961141903321 996 $aB-sides, undercurrents and overtones$94486630 997 $aUNINA